A carregar...
Sociology: themes and perspectives
| Autor principal: | |
|---|---|
| Formato: | Printed Book |
| Idioma: | Undetermined |
| Publicado em: |
Bombay
1980
Oxford university press |
| Assuntos: |
| LEADER | 00622nam a2200217Ia 4500 | ||
|---|---|---|---|
| 008 | 141122s9999 xx 000 0 und d | ||
| 040 | |c . | ||
| 041 | |a English | ||
| 082 | |a 301 | ||
| 082 | |b HAR/SO | ||
| 100 | |a Michael Haralambos | ||
| 245 | |a Sociology: themes and perspectives | ||
| 245 | |c Michael Haralambos | ||
| 260 | |b Bombay | ||
| 260 | |b Oxford university press | ||
| 260 | |c 1980 | ||
| 300 | |a 594 Pages | ||
| 650 | |a Extension | ||
| 942 | |c BK | ||
| 999 | |c 20983 |d 20983 | ||
| 952 | |0 0 |1 0 |4 0 |6 301_000000000000000_HARSO |7 0 |9 20649 |a COVAS |b COVAS |d 0000-00-00 |l 1 |o 301 HAR/SO |p 14564 |r 2018-07-02 |s 2018-06-23 |w 2014-11-26 |y BK | ||